The changing climate : responses of the natural fauna and flora /

Bibliographic Details
Main Author: Ford, Michael J. (Michael John), 1950-
Format: Book
Language:English
Published: London ; Boston : G. Allen and Unwin, 1982.
Subjects:

MARC

Tag First Indicator Second Indicator Subfields
LEADER 00000pam a2200000 a 4500
001 in00000092314
005 20150923132054.0
008 811113s1982 enka b 00110 eng
010 |a  81020065  
020 |a 0045740178 :  |c 912.00 (est.) 
035 |a (OCoLC)07998783 
035 |9 AAK7397AM 
039 0 |a 2  |b 3  |c 3  |d 3  |e 3 
040 |a DLC  |c DLC  |d TXA  |d UtOrBLW 
049 |a TXAM  |c [1673599] 
050 0 0 |a QH543  |b  F67 1982 
082 0 |a 574.5/222  |2 19 
100 1 |a Ford, Michael J.  |q (Michael John),  |d 1950- 
245 1 4 |a The changing climate :  |b responses of the natural fauna and flora /  |c Michael J. Ford. 
264 1 |a London ;  |a Boston :  |b G. Allen and Unwin,  |c 1982. 
300 |a 190 pages :  |b illustrations ;  |c 24 cm. 
336 |a text  |b txt  |2 rdacontent 
337 |a unmediated  |b n  |2 rdamedia 
338 |a volume  |b nc  |2 rdacarrier 
500 |a Includes indexes. 
504 |a Bibliography: pages [155]-174. 
650 0 |a Bioclimatology. 
650 0 |a Acclimatization. 
650 0 |a Climatic changes. 
999 |a MARS 
999 f f |s 61e695ef-f4f1-3c49-b793-85561f30b511  |i 06986a48-c0ec-3662-ae90-b1fe5265a525  |t 0 
952 f f |p ric  |a Texas A&M University  |b Rellis Campus  |c Joint Library Facility  |d Remote Storage  |t 0  |e QH543 F67 1982  |h Library of Congress classification  |i unmediated -- volume  |m A14806006182 
998 f f |a QH543 F67 1982  |t 0  |l Remote Storage